Alceste : (Record no. 169978)

MARC details
000 -LEADER
campo de control de longitud fija 00772nam a22002175i 4500
001 - NÚMERO DE CONTROL
campo de control 169978
003 - IDENTIFICADOR DE NÚMERO DE CONTROL
campo de control ES-MaACL
005 - FECHA Y HORA DE LA ÚLTIMA TRANSACCIÓN
campo de control 20250521063440.0
008 - DATOS DE LONGITUD FIJA--INFORMACIÓN GENERAL
campo de control de longitud fija 090107q1900 fr |||| | fre d
100 1# - ENTRADA PRINCIPAL--NOMBRE DE PERSONA
Nombre de persona Gluck, Christoph Willibald,
Fechas asociadas al nombre 1714-1787
9 (RLIN) 240528
245 10 - MENCIÓN DEL TÍTULO
Título Alceste :
Resto del título opéra en trois actes /
Mención de responsabilidad, etc. Gluck ; paroles du Bailli du Rollet.
260 ## - PUBLICACIÓN, DISTRIBUCIÓN, ETC.
Lugar de publicación, distribución, etc. Paris :
Nombre del editor, distribuidor, etc. M.-R. Braun,
Fecha de publicación, distribución, etc. [ca. 1900]
300 ## - DESCRIPCIÓN FÍSICA
Extensión 31 p. ;
Dimensiones 18 cm.
490 1# - MENCIÓN DE SERIE
Mención de serie Librairie théâtrale
650 #4 - PUNTO DE ACCESO ADICIONAL DE MATERIA--TÉRMINO DE MATERIA
Término de materia o nombre geográfico como elemento de entrada Óperas-
Subdivisión de forma Libretos.
9 (RLIN) 137584
700 1# - ENTRADA AGREGADA--NOMBRE PERSONAL
Nombre de persona Du Roullet, François-Louis Gand Le Bland (bailli)
9 (RLIN) 139157
700 0# - ENTRADA AGREGADA--NOMBRE PERSONAL
Nombre de persona Eurípides.
9 (RLIN) 48332
830 1# - PUNTO DE ACCESO ADICIONAL DE SERIE-TÍTULO UNIFORME
Título uniforme Librairie théâtrale
9 (RLIN) 188911
852 4# - LOCALIZACIÓN
Ubicación ES-MaACL
Número de control de estantería 2245-F-7
Nota libre - Biblioteca Jacinto Martínez Lacalle
Holdings
Estatus retirado Estado de pérdida Estado de daño No para préstamo Colección Biblioteca de origen Biblioteca actual Ubicación en estantería Fecha de adquisición Fuente de adquisición Total de préstamos Signatura topográfica completa Código de barras Visto por última vez Precio de reemplazo Tipo de ítem Koha
        Colección de folletos Biblioteca del Ateneo de Madrid Biblioteca del Ateneo de Madrid Depósito folletos 07/01/2009     2245-F-7 1178459 23/02/2023 23/02/2023 Folleto